Kirchner : el tipo que supo /

Saved in:
Main Author: Wainfeld, Mario, 1948-2023 (Author, autor)
Format: Book
Language:Spanish
Published: Buenos Aires : Siglo XXI, 2016.
Edition:1a ed.
Series:Singular (Siglo XXI)
Subjects:
LEADER 01113nam a2200349 a 4500
001 001450303
003 AR-BeUNQ
005 20250916124324.0
007 ta
008 250916s2016 ag o gr 001 0dspa d
999 |c 38826  |d 122626 
015 |a AR-2016 
020 |a 9789876296908 
040 |a AR-BaBN  |b spa  |c AR-BaBN  |e aacr 
044 |a ag  |c ar-c 
082 |a 320.982  |2 21 
100 1 |a Wainfeld, Mario,  |d 1948-2023  |e autor  |4 aut 
245 1 0 |a Kirchner :  |b el tipo que supo /  |c Mario Wainfeld. 
250 |a 1a ed. 
260 |a Buenos Aires :  |b Siglo XXI,  |c 2016. 
300 |a 335 p. :  |b fot. byn ;  |c 23 cm. 
490 0 |a Singular 
500 |a Índice de nombres: p.[329]-335. 
504 |a Incluye referencias bibliográficas a pie de página. 
592 |a Colección Biblioteca Personal Margarita Pierini. 
600 1 4 |a Kirchner, Néstor,  |d 1950-2010 
650 4 |a Presidencias argentinas  |2 tha 
650 7 |a Política  |2 spines 
651 7 |a Argentina  |2 spines 
830 0 |a Singular (Siglo XXI) 
929 |a DONACION  |b Biblioteca Personal Margarita Pierini  |d 2000,00  |e 20240503  |g 3745  |h 1  |j 63370 
942 |c LIB  |n 0